00611nam a2200157Ia 4500008004100000082001900041100002700060245006300087260003600150300001000186440003000196500003000226650008400256952009600340999001700436120629s9999 xx 000 0 und d a025.0403 A581t aÁngulo Marcial, Noel aTerminología de automatización / Noel Ángulo Marcial aMéxico : SEP ; ANUIES, CONPES a238 p aFomento a la planeación aBibliografía e índice a1. AUTOMATIZACION-TERMINOLOGIA \ 2. BIBLIOTECAS-ADUTOMATIZACION-DICICONARIOSÌ 00104070a15b15d2007-05-09l0o025.0403 A581Tp15 002160r2017-12-07t1w2012-06-28yLB c75839d75839